000 00359nam a2200145Ia 4500
008 230312s9999||||xx |||||||||||||| ||und||
020 _a3-7186-5348-6
082 _a618.3
_bMAJ-R
100 _aMajorana;Ettore
245 0 _aRecent advances in perinatal medicine
260 _bHarwood
_aUSA
_c1993
300 _a213
650 _aMedical
_vMedicine
942 _cBK
999 _c1345
_d1345